| 000 | 00488nam a2200217Ia 4500 | ||
|---|---|---|---|
| 003 | OSt | ||
| 005 | 20220912144337.0 | ||
| 006 | a|||||r|||| 00| 0 | ||
| 007 | ta | ||
| 008 | 220909b |||||||| |||| 00| 0 eng d | ||
| 020 | _aSL0540644 | ||
| 024 | _a184722 | ||
| 037 | _cTextual | ||
| 040 |
_aCSL _beng _cCSL |
||
| 041 | _aeng | ||
| 082 | _aY17m3:N59, L5 | ||
| 245 | 0 | _aRace & Class | |
| 260 | _c0000 | ||
| 942 |
_hY17m3:N59, L5 _cTEXL _2CC |
||
| 999 |
_c5501 _d5501 |
||